<?xml version="1.0" encoding="UTF-8"?>
<record
    xmlns:xsi="http://www.w3.org/2001/XMLSchema-instance"
    xsi:schemaLocation="http://www.loc.gov/MARC21/slim http://www.loc.gov/standards/marcxml/schema/MARC21slim.xsd"
    xmlns="http://www.loc.gov/MARC21/slim">

  <leader>00728nam a2200217Ia 4500</leader>
  <datafield tag="952" ind1=" " ind2=" ">
    <subfield code="0">0</subfield>
    <subfield code="1">0</subfield>
    <subfield code="4">0</subfield>
    <subfield code="7">0</subfield>
    <subfield code="a">18</subfield>
    <subfield code="b">18</subfield>
    <subfield code="d">2013-07-05</subfield>
    <subfield code="l">2</subfield>
    <subfield code="o">TX537 E74 2002</subfield>
    <subfield code="p">18 000361</subfield>
    <subfield code="r">2019-01-30</subfield>
    <subfield code="s">2019-01-30</subfield>
    <subfield code="t">1</subfield>
    <subfield code="w">2012-06-26</subfield>
    <subfield code="y">LB</subfield>
  </datafield>
  <datafield tag="952" ind1=" " ind2=" ">
    <subfield code="0">0</subfield>
    <subfield code="1">0</subfield>
    <subfield code="4">0</subfield>
    <subfield code="7">0</subfield>
    <subfield code="a">18</subfield>
    <subfield code="b">18</subfield>
    <subfield code="d">2014-02-13</subfield>
    <subfield code="l">7</subfield>
    <subfield code="o">TX537 E74 2002</subfield>
    <subfield code="p">18 002017</subfield>
    <subfield code="r">2024-05-31</subfield>
    <subfield code="s">2024-05-30</subfield>
    <subfield code="t">2</subfield>
    <subfield code="w">2014-02-13</subfield>
    <subfield code="y">LB</subfield>
  </datafield>
  <datafield tag="999" ind1=" " ind2=" ">
    <subfield code="c">74040</subfield>
    <subfield code="d">74040</subfield>
  </datafield>
  <controlfield tag="008">120626s2002    mx            000 0 spa d</controlfield>
  <datafield tag="020" ind1=" " ind2=" ">
    <subfield code="a">9789682465642</subfield>
  </datafield>
  <datafield tag="050" ind1=" " ind2=" ">
    <subfield code="a">TX537</subfield>
    <subfield code="b">E74 2002</subfield>
  </datafield>
  <datafield tag="100" ind1="1" ind2="0">
    <subfield code="a">Esesarte G&#xF3;mez, Esteban de</subfield>
    <subfield code="e">autor</subfield>
  </datafield>
  <datafield tag="245" ind1="1" ind2="0">
    <subfield code="a">Higiene en alimentos y bebidas</subfield>
    <subfield code="c"> / Esteban de Esesarte G&#xF3;mez</subfield>
  </datafield>
  <datafield tag="250" ind1=" " ind2=" ">
    <subfield code="a">5a. edici&#xF3;n</subfield>
  </datafield>
  <datafield tag="260" ind1="3" ind2=" ">
    <subfield code="a">M&#xE9;xico </subfield>
    <subfield code="b">: Trillas</subfield>
    <subfield code="c">, 2002</subfield>
  </datafield>
  <datafield tag="300" ind1=" " ind2=" ">
    <subfield code="a">308 p&#xE1;ginas</subfield>
  </datafield>
  <datafield tag="500" ind1=" " ind2=" ">
    <subfield code="a">(reimpresi&#xF3;n 2009)</subfield>
  </datafield>
  <datafield tag="519" ind1=" " ind2=" ">
    <subfield code="a">Material Complementario / </subfield>
    <subfield code="d">(18 000361, 18 002017)</subfield>
  </datafield>
  <datafield tag="650" ind1="1" ind2="0">
    <subfield code="a">INDUSTRIA ALIMENTARIA</subfield>
    <subfield code="x">MEDIDAS DE SEGURIDAD</subfield>
  </datafield>
  <datafield tag="650" ind1="2" ind2="0">
    <subfield code="a">MANEJO DE ALIMENTOS</subfield>
    <subfield code="x">MEDIDAS DE SEGURIDAD</subfield>
  </datafield>
  <datafield tag="650" ind1="3" ind2="0">
    <subfield code="a">CONSERVACI&#xD3;N DE ALIMENTOS</subfield>
  </datafield>
  <datafield tag="650" ind1="4" ind2="0">
    <subfield code="a">BEBIDAS</subfield>
    <subfield code="x">CONTROL DE CALIDAD</subfield>
  </datafield>
  <datafield tag="942" ind1=" " ind2=" ">
    <subfield code="c">LB</subfield>
  </datafield>
</record>
